| 000 | 00420nam a2200121Ia 4500 | ||
|---|---|---|---|
| 008 | 220620s9999||||xx |||||||||||||| ||und|| | ||
| 100 | _aMarÃa Elena Hernández Aguilar||Gonzalo Emiliano Aranda Abreu | ||
| 245 | 0 | _aNeurons - Dendrites and Axons | |
| 546 | _aEnglish[eng] | ||
| 650 | _aLife Sciences||Neuroscience||Neurobiology | ||
| 856 | _uhttps://www.intechopen.com/books/neurons-dendrites-and-axons | ||
| 942 | _cEB | ||
| 999 |
_c21804 _d21804 |
||